Normal view MARC view
  • Cooking (Cereals)

Entry Topical Term

Number of records used in: 3

001 - CONTROL NUMBER

  • control field: 7920

003 - CONTROL NUMBER IDENTIFIER

  • control field: NUST

005 - DATE AND TIME OF LATEST TRANSACTION

  • control field: 20180101141850.0

008 - FIXED-LENGTH DATA ELEMENTS

  • fixed length control field: 180101|| aca||aabn | a|a d

040 ## - CATALOGING SOURCE

  • Original cataloging agency: NUST
  • Transcribing agency: NUST

150 ## - HEADING--TOPICAL TERM

  • Topical term or geographic name entry element: Cooking (Cereals)

670 ## - SOURCE DATA FOUND

  • Source citation: Work cat.: (NUST)0: Gelles, Carol. 7919, The complete whole grain cookbook /, 1989.
© 2023 Central Library, National University of Sciences and Technology. All Rights Reserved.